Buying to rent : the key to your financial freedom (Record no. 102346)

MARC details
000 -LEADER
fixed length control field 00992cam a2200265 4500
008 - FIXED-LENGTH DATA ELEMENTS--GENERAL INFORMATION
fixed length control field 020909n2002 000 0 eng u
020 ## - INTERNATIONAL STANDARD BOOK NUMBER
International Standard Book Number 0273661094
035 ## - SYSTEM CONTROL NUMBER
System control number (Sirsi) u119626
041 ## - LANGUAGE CODE
Language code of text/sound track or separate title eng.
050 ## - LIBRARY OF CONGRESS CALL NUMBER
Classification number 332.6324
100 ## - MAIN ENTRY--PERSONAL NAME
Personal name Rampley-Sturgeon, N.
245 ## - TITLE STATEMENT
Title Buying to rent : the key to your financial freedom
260 ## - PUBLICATION, DISTRIBUTION, ETC.
Place of publication, distribution, etc. Harlow
Name of publisher, distributor, etc. Financial Times Prentice Hall
Date of publication, distribution, etc. 2002
300 ## - PHYSICAL DESCRIPTION
Extent x,182p.
Dimensions 24cm.
350 ## - PRICE (NR) (BK AM CF MU VM SE) [OBSOLETE]
Price 15
520 ## - SUMMARY, ETC.
Summary, etc. Offers guidance for those considering buying-to-let on how to: finance your purchases and select the best mortgage; find good value property; understand letting in the UK holiday market; successfully buy-to-rent abroad; and create sustainable long-term income whatever the state of the housing market.
650 ## - SUBJECT ADDED ENTRY--TOPICAL TERM
Topical term or geographic name entry element BUY-TO-LET
650 ## - SUBJECT ADDED ENTRY--TOPICAL TERM
Topical term or geographic name entry element LETTINGS MARKET
650 ## - SUBJECT ADDED ENTRY--TOPICAL TERM
Topical term or geographic name entry element HOLIDAY HOMES
650 ## - SUBJECT ADDED ENTRY--TOPICAL TERM
Topical term or geographic name entry element HOLIDAY LETTINGS
650 ## - SUBJECT ADDED ENTRY--TOPICAL TERM
Topical term or geographic name entry element PROPERTY INVESTMENT
650 ## - SUBJECT ADDED ENTRY--TOPICAL TERM
Topical term or geographic name entry element Property management
9 (RLIN) 6262
690 ## - LOCAL SUBJECT ADDED ENTRY--TOPICAL TERM (OCLC, RLIN)
Topical term or geographic name as entry element INVESTMENT
942 ## - ADDED ENTRY ELEMENTS (KOHA)
Suppress in OPAC 0
Holdings
Withdrawn status Lost status Source of classification or shelving scheme Damaged status Not for loan Home library Current library Shelving location Date acquired Cost, normal purchase price Total Checkouts Full call number Barcode Date last seen Date last checked out Copy number Cost, replacement price Price effective from Koha item type
    Dewey Decimal Classification     London London Books 18/09/2002 15.00 17 332.6324 RAM 30066519 06/08/2019 12/10/2005 1 15.00 06/08/2019 Book